000 01113cam a22003137a 4500
003 CHAP
005 20220329133808.0
008 971013s1974 r 00010 d
010 _a11012
011 _a11984
035 _a13547
040 _cCHAP
082 _a334.683
_bG5
100 0 0 _aGlantz, Susana.
_948246
245 1 3 _aEl ejido colectivo de Nueva Italia
260 _aMéxico, D.F. :
_bInstituto Nacional de AntropologĂ­a e Historia,
_c1974
300 _a212 p.
590 _aBATCH-UPD
_b10
_c20130110
_lUCH01
_h1518
590 _aBATCH-UPD
_b10
_c20130410
_lUCH01
_h0931
590 _aCONVERSION
_b10
_c20130109
_lUCH01
_h1307
650 1 4 _aAgricultura cooperativa
_xMichoacan.
_91974
650 1 4 _aEjidos.
_936002
901 _aBK
942 _cLIBRO
949 _a334.683 G5
_bBC
_cLIBRO
_d33724000336186
_eLIBRO
_fc.4
_h45413
_i13547
_mD
_si
_t40.00
949 _a334.683 G5
_bBC
_cLIBRO
_d33724000336194
_eLIBRO
_fc.3
_h45172
_i13547
_mD
_si
949 _a334.683 G5
_bBC
_cLIBRO
_d33724000336202
_eLIBRO
_fc.2
_h41010
_i13547
_si
_t40.00
949 _a334.683 G5
_bBC
_cLIBRO
_d33724000336210
_eLIBRO
_h33773
_i13547
_si
_t40.00
999 _c11012
_d11012